Visualizzazione normale
Vista MARC
- SPETTACOLO TEAT [CASSETTE]
di Topical Term
Records bibliografici associati: 1
001 - CONTROL NUMBER
- control field: 14105
003 - CONTROL NUMBER IDENTIFIER
- control field: IT-RoPau
005 - DATE AND TIME OF LATEST TRANSACTION
- control field: 20140219122848.0
008 - FIXED-LENGTH DATA ELEMENTS
- fixed length control field: 140219|| aca||aabn | a|a d
040 ## - CATALOGING SOURCE
- Original cataloging agency: IT-RoPau
- Transcribing agency: IT-RoPau
150 ## - HEADING--TOPICAL TERM
- Topical term or geographic name entry element: SPETTACOLO TEAT [CASSETTE]
- : Codice MATERIA SPICS: 9951
670 ## - SOURCE DATA FOUND
- Source citation: Work cat.: (IT-RoPau)100337: Castellacci Mario 14102, Forza venite gente